000 00547nam a2200193Ia 4500
003 IN-BaIIA
008 211028s9999 xx 000 0 eng d
040 _cIIA Library
080 _a621.317
_bHUN
100 _aHund, August
_92204
245 0 _aHigh-frequency measurements
_cAugust Hund
260 _aNew York
_bMcGraw-Hill
_c1933
300 _axi, 491p.
650 _a High Energy Interactions
_98108
650 _a High Energy Physics 
_98109
650 _a High Frequency Measurements 
_98110
650 _aNASA Thesaurus 
942 _cBK
999 _c4597
_d4597